Logo BPK

Biblioteka

Politechniki Koszalińskiej

Der Buddha Lebt : (Rekord nr 50660)

Szczegóły MARC
000 -ETYKIETA REKORDU
podpole kontrolne o stałej długości 00557nam a2200205 i 4500
001 - NUMER KONTROLNY REKORDU
pole kontrolne bgj
020 ## - MIĘDZYNARODOWY ZNORMALIZOWANY NUMER KSIĄŻKI - ISBN
ISBN 348500491X
040 ## - ŹRÓDŁO KATALOGOWANIA
Instytucja, która utworzyła rekord BPK
041 0# - KOD JĘZYKA
Kod języka tekstu ger
920 ## - Międzynarodowy znormalizowany numer książki – ISBN
ISBN 3-485-00491-X
008 - POLE O STAŁEJ DŁUGOŚCI - DANE KONTROLNE
podpole kontrolne o stałej długości s gw f |000 0 ger
100 1# - NAZWA OSOBOWA
Nazwa osobowa Ikeda, Daisaku
Daty związane z nazwą (1928- ).
245 10 - TYTUŁ/ODPOWIEDZIALNOŚĆ
Tytuł Der Buddha Lebt :
Ciąg dalszy tytułu Eine inerpretierende Biografie /
Pozostałe elementy strefy tytułu i oznaczenia odpowiedzialności Daisaku Ikeda.
260 ## - STREFA ADRESU WYDAWNICZEGO
Miejsce wydania München :
Nazwa wydawcy/dystrybutora Nymphenburger Verlagshandlung,
Data publikacji, dystrybucji/powstania dokumentu c. 1985.
300 ## - STREFA OPISU FIZYCZNEGO
Objętość 204 S. :
Inne cechy fizyczne Landkarte ;
Rozmiary 21 cm.
505 ## - SFORMALIZOWANA UWAGA DOTYCZĄCA ZAWARTOŚCI
Pełny tekst uwagi Register.
600 19 - HASŁO PRZEDMIOTOWE W FORMIE NAZWY OSOBOWEJ
Nazwa osobowa Buddha
655 ## - TERMIN INDEKSOWY - OKREŚLENIE RODZAJU/FORMY DOKUMENTU
Określenie rodzaju/formy dokumentu Biographie
856 ## - LOKALIZACJA I DOSTĘP DO ELEKTRONICZNYCH DOKUMENTÓW ZDALNYCH
Link (URL) http://koha.tu.koszalin.pl/cgi-bin/koha/opac-detail.pl?biblionumber=50660
Tekst linku Katalog online BPK
942 ## - DODATKOWE ELEMENTY (KOHA)
Typ dokumentu Książka
Egzemplarze
Wycofany Status egzemplarza Uszkodzony Dostępność Lokalizacja stała Lokalizacja bieżąca Miejsce przechowywania Sygnatura Kod kreskowy Typ dokumentu
      Dostępny Biblioteka Politechniki Koszalińskiej Biblioteka Politechniki Koszalińskiej Wypożyczalnia Językowa N 748 01581652 Książka
© 2023 Biblioteka Politechniki Koszalińskiej :: KOHA